| 000 | 01011nam a2200277Ia 4500 | ||
|---|---|---|---|
| 003 | OSt | ||
| 005 | 20250711161020.0 | ||
| 008 | 191128s9999 xx 000 0 und d | ||
| 020 | _a9580460205 | ||
| 040 |
_aCO-JMCR _cCO-JMCR |
||
| 041 | _aspa | ||
| 082 |
_aN _bSCHn |
||
| 100 |
_aScholes, Katherine , 1954 , autor _94926 |
||
| 245 | 0 | _aEl niño y la ballena / | |
| 245 | 0 | _cKatherine Scholes ; traducción de Amparao Carvajal ; ilustraciones de Daniela Violi | |
| 250 | _aPrimera edición | ||
| 260 | _aBogotá | ||
| 260 | _bNorma | ||
| 260 | _c2001 | ||
| 490 | _aTorre de papel roja | ||
| 500 | _aIncluye nota del autor | ||
| 520 | _aEl niño se acerca a la playa y ve algo que no puede creer: una ballena varada que todavía esta viva. El niñosabe que debe ayudarla, pero no sabe comó: él está solo con su perra Lucy. Y ahora se acercan aquellos dos hombres y quizás quieran hacerle daño a | ||
| 534 | _pThe boy and the Whale | ||
| 650 |
_aCuentos infantiles _94927 |
||
| 942 |
_2ddc _cBK |
||
| 999 |
_c3771 _d3771 |
||